[Event "Toronto Crown op"]
[Site "Toronto"]
[Date "2014.04.19"]
[Round "3"]
[White "Zhang, Yuanchen"]
[Black "Peev, Pavel"]
[Result "1-0"]
[WhiteElo "2128"]
[BlackElo "2057"]
[PlyCount "83"]
[EventDate "2014.04.18"]
[EventType "swiss"]
[EventRounds "6"]
[EventCountry "CAN"]
[SourceTitle "CBM 159 Extra"]
[Source "ChessBase"]
[SourceDate "2014.04.24"]
[SourceVersion "1"]
[SourceVersionDate "2014.04.24"]
[SourceQuality "1"]

1. d4 Nf6 2. c4 c5 3. d5 b5 4. cxb5 a6 5. b6 Qxb6 6. Nc3 g6 7. Nf3 Bg7 8. e4 d6 9. Be2 Nbd7 10. a4 0-0 11. a5 Qc7 12. Nd2 Rb8 13. 0-0 Rb4 14. h3 Rd4 15. Qc2 e6 16. Nc4 exd5 17. exd5 Nxd5 18. Nxd5 Rxd5 19. Bf3 Rd4 20. Be3 Rxc4 21. Qxc4 Ne5 22. Qe2 Nxf3+ 23. Qxf3 Bxb2 24. Rab1 Be5 25. Rb6 Be6 26. Bf4 d5 27. Bxe5 Qxe5 28. Rxa6 d4 29. Ra8 Bd5 30. Rxf8+ Kxf8 31. Qa3 Qe7 32. a6 c4 33. Qa5 Ba8 34. Re1 Qd6 35. a7 c3 36. Qb5 Qd5 37. Qxd5 Bxd5 38. Kf1 d3 39. Ra1 Ke7 40. Ke1 Ba8 41. Ra3 d2+ 42. Ke2 1-0

[Event "Canadian op 48th"]
[Site "Toronto"]
[Date "2011.07.16"]
[Round "8"]
[White "Peev, Pavel"]
[Black "Luo, Zhao Yang"]
[Result "1/2-1/2"]
[WhiteElo "2083"]
[BlackElo "1894"]
[PlyCount "73"]
[EventDate "2011.07.09"]
[EventType "swiss"]
[EventRounds "9"]
[EventCountry "CAN"]
[SourceTitle "EXT 2022"]
[Source "ChessBase"]
[SourceDate "2021.10.06"]
[SourceVersion "1"]
[SourceVersionDate "2021.10.06"]
[SourceQuality "1"]

1. e4 c6 2. Nf3 d5 3. e5 c5 4. d4 Nc6 5. c3 Bg4 6. Bb5 e6 7. 0-0 Qb6 8. Ba4 Bxf3 9. gxf3 h5 10. a3 Nh6 11. dxc5 Bxc5 12. b4 Be7 13. Be3 Qd8 14. Ra2 Nf5 15. f4 Kf8 16. Rd2 g5 17. Bxc6 bxc6 18. fxg5 Bxg5 19. Bc5+ Ke8 20. f4 Bxf4 21. Qa4 Rc8 22. Re2 Rg8+ 23. Kh1 Qh4 24. Rg1 Ng3+ 25. Rxg3 Bxg3 26. Nd2 Bxh2 27. Nf3 Qg4 28. Rf2 Bxe5 29. Qxa7 Bc7 30. Qb7 e5 31. Qxc6+ Qd7 32. Qh6 e4 33. Ng5 Qg4 34. Qc6+ Qd7 35. Qh6 Qg4 36. Qc6+ Qd7 37. Qh6 1/2-1/2

[Event "Montreal Unisource m2 3rd"]
[Site "Montreal"]
[Date "2008.11.09"]
[Round "1"]
[White "Peev, Pavel"]
[Black "Masse, Hugues"]
[Result "1-0"]
[WhiteElo "2082"]
[BlackElo "2307"]
[PlyCount "85"]
[EventDate "2008.11.07"]
[EventType "match"]
[EventRounds "2"]
[EventCountry "CAN"]
[SourceTitle "EXT 2011"]
[Source "ChessBase"]
[SourceDate "2010.11.26"]
[SourceVersion "1"]
[SourceVersionDate "2010.11.26"]
[SourceQuality "1"]

1. e4 e6 2. d4 d5 3. Nd2 Be7 4. Ngf3 Nf6 5. e5 Nfd7 6. Bd3 c5 7. c3 Nc6 8. 0-0 a5 9. a3 cxd4 10. cxd4 Qb6 11. Qa4 g5 12. h3 h5 13. g4 Nf8 14. Bb5 Bd7 15. Nb1 Nxe5 16. Bxd7+ Nexd7 17. Nc3 f6 18. Nb5 Kf7 19. Bd2 Nb8 20. b4 Nc6 21. bxa5 Qd8 22. Rac1 Ng6 23. Rfe1 Nf4 24. Bxf4 gxf4 25. Qd1 hxg4 26. Qe2 Qd7 27. hxg4 e5 28. Nh2 e4 29. f3 Rxa5 30. fxe4 dxe4 31. Qc4+ Kg7 32. Rxe4 Raa8 33. Qe2 Bxa3 34. Rf1 Be7 35. Rexf4 Qd5 36. Nc3 Qb3 37. R4f3 Bd6 38. Rxf6 Bxh2+ 39. Kg2 Rae8 40. Qd2 Bf4 41. Qxf4 Rh7 42. Qg5+ Kh8 43. Rf8+ 1-0

[Event "Quebec op U2400"]
[Site "Montreal"]
[Date "2008.07.26"]
[Round "9"]
[White "Caceres Cortes, Julio"]
[Black "Peev, Pavel"]
[Result "0-1"]
[WhiteElo "2092"]
[BlackElo "1899"]
[PlyCount "72"]
[EventDate "2008.07.19"]
[EventType "swiss"]
[EventRounds "9"]
[EventCountry "CAN"]
[SourceTitle "EXT 2011"]
[Source "ChessBase"]
[SourceDate "2010.11.26"]
[SourceVersion "1"]
[SourceVersionDate "2010.11.26"]
[SourceQuality "1"]

1. e4 c5 2. Nf3 d6 3. d4 cxd4 4. Nxd4 Nf6 5. Nc3 g6 6. f4 Nc6 7. Nxc6 bxc6 8. e5 Nd7 9. exd6 exd6 10. Be3 Be7 11. Qd2 Nf6 12. 0-0-0 0-0 13. h3 Be6 14. Bd3 Qa5 15. a3 Rab8 16. Nb1 Qc7 17. f5 Bd5 18. c4 Be4 19. Nc3 d5 20. Bxe4 Nxe4 21. Nxe4 dxe4 22. Qc3 Qg3 23. fxg6 hxg6 24. Bd4 Bg5+ 25. Kb1 Qxc3 26. Bxc3 Rfd8 27. g4 Rxd1+ 28. Rxd1 Rd8 29. Re1 e3 30. h4 Bf4 31. h5 gxh5 32. gxh5 Bh6 33. Bb4 f5 34. Bc5 f4 35. Bxa7 f3 36. Rg1+ Kh7 0-1

[Event "Quebec op U2400"]
[Site "Montreal"]
[Date "2008.07.23"]
[Round "5"]
[White "Gluckie, Jamin"]
[Black "Peev, Pavel"]
[Result "0-1"]
[WhiteElo "2114"]
[BlackElo "1899"]
[PlyCount "76"]
[EventDate "2008.07.19"]
[EventType "swiss"]
[EventRounds "9"]
[EventCountry "CAN"]
[SourceTitle "EXT 2011"]
[Source "ChessBase"]
[SourceDate "2010.11.26"]
[SourceVersion "1"]
[SourceVersionDate "2010.11.26"]
[SourceQuality "1"]

1. d4 Nf6 2. c4 c5 3. d5 b5 4. cxb5 a6 5. f3 g6 6. e4 Bg7 7. Na3 0-0 8. Ne2 e6 9. d6 Ne8 10. Nc3 f5 11. exf5 Rxf5 12. Nc4 axb5 13. Ne3 Rf4 14. Nxb5 Ba6 15. Nd5 Re4+ 16. fxe4 Qh4+ 17. Kd2 exd5 18. Qf3 Bxb5 19. Bxb5 Nxd6 20. Rf1 Nxe4+ 21. Kc2 Nc6 22. Qf7+ Kh8 23. Bxc6 dxc6 24. Qb7 Rd8 25. Bf4 Qg4 26. Rad1 Qxg2+ 27. Kb1 c4 28. Rg1 Qe2 29. Rge1 Qf2 30. Rxe4 Qf3 31. Ree1 Qxf4 32. Qxc6 Qf5+ 33. Ka1 h5 34. Qe6 Qc2 35. Qb6 c3 36. Rb1 Rc8 37. Qb7 cxb2+ 38. Rxb2 Qc1+ 0-1